000 01016cab a2200217 4500
001 ##L134541
008 060815n2006 000 0 eng u
035 _a(Sirsi) u134541
041 0 _aeng
100 1 _aMarchant, Eric
245 0 0 _aChanging times
260 _c2006
490 0 _aFire Prevention and Fire Engineers Journal
_v66(271) August 2006, 44-45(2)
520 _aProvides an overview of the challenges facing fire safety engineers when changes are made to buildings, particularly historic buildings. Discusses the special factors to be considered when carrying out a fire risk assessment of heritage buildings, and the types of changes that can be carried out. Also assesses the likely impact of the Regulatory Reform (Fire Safety) Order 2005 and the Fire (Scotland) Act 2005.
590 _aIKA220806
650 2 4 _aREGULATORY REFORM (FIRE SAFETY) ORDER 2005
650 2 4 _aFIRE (SCOTLAND) ACT 2005
651 4 _aGREAT BRITAIN
690 _aMANAGEMENT-HEALTH AND SAFETY-FIRE SAFETY
942 _n0
999 _c77557
_d77557